Laboratory Manual on soil and water conservation (Record no. 12921)
[ view plain ]
| 000 -LEADER | |
|---|---|
| fixed length control field | 00391cam a2200121ua 4500 |
| 003 - CONTROL NUMBER IDENTIFIER | |
| control field | OSt |
| 008 - FIXED-LENGTH DATA ELEMENTS--GENERAL INFORMATION | |
| fixed length control field | 250222b |||||||| |||| 00| 0 eng d |
| 100 ## - MAIN ENTRY--AUTHOR NAME | |
| Personal name | Sharma, Arun. |
| 245 ## - TITLE STATEMENT | |
| Title | Laboratory Manual on soil and water conservation |
| 260 ## - PUBLICATION, DISTRIBUTION, ETC. (IMPRINT) | |
| Place of publication | Udaipur : |
| Name of publisher | Dept.of soil &water conservation , College of Technology and Engineering, |
| Year of publication | 2004. |
| 700 1# - ADDED ENTRY--PERSONAL NAME | |
| Personal name | Singh, Rajvir. |
| 942 ## - ADDED ENTRY ELEMENTS (KOHA) | |
| Koha item type | Books |
| Withdrawn status | Lost status | Damaged status | Home library | Current library | Date acquired | Source of acquisition | Cost, normal purchase price | Full call number | Accession Number | Koha item type |
|---|---|---|---|---|---|---|---|---|---|---|
| KAUAET | KAUAET | 07/04/2012 | College of Technology and Engineering, Udaipur | 60.00 | 631.450954 SHA/LA | 21041 | Books | |||
| KAUAET | KAUAET | 07/04/2012 | College of Technology and Engineering, Udaipur | 60.00 | 631.450954 SHA/LA | 21042 | Books | |||
| KAUAET | KAUAET | 07/04/2012 | College of Technology and Engineering, Udaipur | 60.00 | 631.450954 SHA/LA | 21044 | Books | |||
| KAUAET | KAUAET | 22/02/2025 | College of Technology and Engineering, Udaipur | 60.00 | 21043 | Books |
